载入...
Thulnathmak adhyayan:swaroop aur samasyayen/
| 主要作者: | |
|---|---|
| 格式: | Printed Book |
| 出版: |
New Delhi:
Vani Prakashan,
2004.
|
| LEADER | 00370 a2200109 4500 | ||
|---|---|---|---|
| 100 | |a Rajurkar,B.H. | ||
| 245 | |a Thulnathmak adhyayan:swaroop aur samasyayen/ |c B.H.Rajurkar | ||
| 260 | |a New Delhi: |b Vani Prakashan, |c 2004. | ||
| 300 | |a 135p. | ||
| 942 | |2 ddc |c BK | ||
| 999 | |c 241640 |d 241640 | ||
| 952 | |0 0 |1 0 |4 0 |7 0 |9 268141 |a HIN |b HIN |c S-11 |d 2011-12-02 |i 20237 |l 0 |p HIN20237 |r 2011-12-02 |w 2014-02-07 |y BK | ||